|
|
|
|
| LEADER |
00000cam a2200000 7i4500 |
| 001 |
0000047659 |
| 005 |
20150906.0 |
| 008 |
150521 |
| 020 |
|
|
|a 8183820875
|
| 020 |
|
|
|a 9798183820874
|
| 090 |
0 |
0 |
|a 158.1
|b KAM
|
| 100 |
1 |
|
|a Kamath, A.K
|
| 245 |
1 |
0 |
|a Think positive and things will go right
|c A.K. Kamath
|
| 260 |
|
|
|a New Delhi :
|b Lotus Press ,
|c 2015
|
| 650 |
|
0 |
|a Psychology
|
| 650 |
|
0 |
|a Psychology
|x Motivation
|
| 999 |
|
|
|a 0001349960
|b Book
|c Adult Collection
|e Cawangan Bandar Penawar
|
| 999 |
|
|
|a 0001349961
|b Book
|c Adult Collection
|e Cawangan Pontian
|
| 999 |
|
|
|a 0001349962
|b Book
|c Adult Collection
|e Cawangan Bandar Tenggara
|
| 999 |
|
|
|a 0001349963
|b Book
|c Adult Collection
|e Cawangan Segamat
|
| 999 |
|
|
|a 0001349964
|b Book
|c Adult Collection
|e Cawangan Sri Merlong
|
| 999 |
|
|
|a 0001349965
|b Book
|c Adult Collection
|e Cawangan Taman Sri Lambak
|
| 999 |
|
|
|a 0001349966
|b Book
|c Adult Collection
|e Cawangan Muar
|
| 999 |
|
|
|a 0001349967
|b Book
|c Adult Collection
|e Cawangan Tangkak
|
| 999 |
|
|
|a 0001349968
|b Book
|c Adult Collection
|e Cawangan Bukit Gambir
|
| 999 |
|
|
|a 0001349970
|b Book
|c Adult Collection
|e Cawangan Mersing
|
| 999 |
|
|
|a 0001349971
|b Book
|c Adult Collection
|e Cawangan Kota Tinggi
|
| 999 |
|
|
|a 0001349972
|b Book
|c Adult Collection
|e Cawangan Tmn. Ungku Tun Aminah
|
| 999 |
|
|
|a 0001351577
|b Book
|c Adult Collection
|e Perbadanan Perpustakaan Awam Johor
|
| 999 |
|
|
|a 0001351578
|b Book
|c Adult Collection
|e Cawangan Urban Transformation Centre
|